Every Song by Bad Wolves - Statistics

General Stats
  • This quiz has been taken 18 times
  • The average score is 11 of 59
Answer Stats
Album Song % Correct
Disobey(2018) No Masters
82%
N.A.T.I.O.N.(2019) Sober
82%
Die About It(2023) Hungry for Life
73%
N.A.T.I.O.N.(2019) Killing Me Slowly
73%
Dear Monsters(2021) Lifeline
73%
N.A.T.I.O.N.(2019) No Messiah
64%
Dear Monsters(2021) Sacred Kiss
55%
Dear Monsters(Bonus)(2022) Sacred Kiss
55%
N.A.T.I.O.N.(2019) Better Off This Way
45%
Die About It(2023) Die About It
45%
Disobey(2018) Hear Me Now
45%
Die About It(2023) Intro
45%
Dear Monsters(2021) Wildfire
45%
Dear Monsters(2021) If Tomorrow Never Comes
36%
Dear Monsters(Bonus)(2022) If Tomorrow Never Comes
36%
Die About It(2023) Legends Never Die
36%
Disobey(2018) Remember When
36%
N.A.T.I.O.N.(2019) I'll Be There
27%
N.A.T.I.O.N.(2019) Learn to Walk Again
27%
Die About It(2023) NDA
27%
Disobey(2018) Better the Devil
18%
Disobey(2018) Learn to Live
18%
N.A.T.I.O.N.(2019) Back in the Days
9%
Dear Monsters(2021) Classical
9%
N.A.T.I.O.N.(2019) Foe or Friend
9%
Dear Monsters(2021) Gone
9%
Dear Monsters(2021) House of Cards
9%
Dear Monsters(2021) In the Middle
9%
Non-Album(2024) Knife
9%
Disobey(2018) Officer Down
9%
Die About It(2023) Bad Friend
0%
Disobey(Bonus)(2018) Blood 'N' Bone
0%
Dear Monsters(2021) Comatose
0%
N.A.T.I.O.N.(2019) Crying Game
0%
N.A.T.I.O.N.(2019) Heaven So Heartless
0%
Dear Monsters(Bonus)(2022) I Don't Wanna Feel
0%
Disobey(Bonus)(2018) I Swear
0%
Die About It(2023) It's You (2 Months)
0%
Disobey(2018) Jesus Slaves
0%
N.A.T.I.O.N.(2019) L.A. Song
0%
Die About It(2023) Masquerade
0%
Die About It(2023) Move On
0%
Dear Monsters(2021) Never Be the Same
0%
Dear Monsters(2021) On the Case
0%
Disobey(Bonus)(2018) Pacifico
0%
Disobey(2018) Run for Your Life
0%
Die About It(2023) Savior
0%
Die About It(2023) Say It Again
0%
Die About It(2023) Set You on Fire
0%
N.A.T.I.O.N.(Bonus)(2019) Shanghai
0%
Disobey(2018) Shape Shifter
0%
Dear Monsters(2021) Springfield Summer
0%
Dear Monsters(Bonus)(2022) The Body
0%
N.A.T.I.O.N.(2019) The Consumerist
0%
Disobey(2018) The Conversation
0%
Disobey(2018) Toast to the Ghost
0%
Disobey(2018) Truth or Dare
0%
Die About It(2023) Turn It Down
0%
Dear Monsters(Bonus)(2022) Up in Smoke
0%
No matching quizzes found
Score Distribution
Percent of People with Each Score
Percentile by Number Answered
Your Score History
You have not taken this quiz